Statistics for Ww2 events

Click here to take the quiz!

General Stats

  • This quiz has been taken 461 times
  • The average score is 3 of 6

Answer Stats

HintEvent% Correct
Killing of Europe's Jewish populationHolocaust
89%
Do you like this quizYes
84%
Battle of the ______Bulge
69%
Attack of the border of france by allied forcesD-day
58%
Bombing of Britain by German aircraftBattle of Britain
33%
Planned Bio attack against USA in 1945Operation cherry blossoms at night
3%

Score Distribution

Percentile by Number Answered

Percent of People with Each Score

Your Score History

You have not taken this quiz